Movies Quiz

Random Movies or Clickable Quiz

Three Movies: 'G' Actors Quiz Stats

 Plays Quiz Updated Jul 23, 2014

Support Sporcle.
Go Orange.
Score 0/30 Timer 07:00
4 Plays Today
% Correct
Mel Gibson
91.7%
Whoopi Goldberg
91.3%
Richard Gere
89.3%
Jake Gyllenhaal
89.2%
Jeff Goldblum
87.8%
Judy Garland
87%
Cuba Gooding Jr.
84.6%
Hugh Grant
81.7%
Clark Gable
77.3%
Danny Glover
77%
John Goodman
73.5%
Jennifer Garner
72%
Alec Guinness
71.2%
Andy Garcia
70.9%
Ricky Gervais
66.2%
% Correct
Ryan Gosling
64.3%
Paul Giamatti
63.1%
Zach Galifianakis
61%
Seth Green
60.8%
James Garner
59.9%
Cary Grant
58.1%
Elliott Gould
57.2%
Greta Garbo
53.8%
Heather Graham
52.6%
Crispin Glover
52.1%
Scott Glenn
46.6%
Brendan Gleeson
45.8%
Eddie Griffin
44%
James Gandolfini
41.3%
Luis Guzman
33.1%

You're not logged in!

Compare scores with friends on all Sporcle quizzes.
OR
Log In

From the Vault

John 3:16

by hscer

Much more pleasant than Austin 3:16.
Remove Ads.
Support Sporcle.
Get the best of Sporcle when you Go Orange. This ad-free experience offers more features, more stats, and more fun while also helping to support Sporcle. Thank you for becoming a member.

Show Comments

Extras

Top Quizzes Today


Score Distribution

Your Account Isn't Verified!

In order to create a playlist on Sporcle, you need to verify the email address you used during registration. Go to your Sporcle Settings to finish the process.

Report this User

Report this user for behavior that violates our Community Guidelines.

Details: